MARC

LEADER 00000nas a2200000 i 4500
001 ssj0000456286
003 WaSeSS
005 20200512172242.0
006 m d
007 cr n
008 060630c20099999ck fr p s 0 0spa c
010 |a  2012228653 
022 |a 2145-132X 
035 |a (WaSeSS)ssj0000456286 
040 |a WaSeSS  |b eng  |e pn  |c CUD  |d JPG  |d OCLCQ  |d CUS  |d IXA  |d OCLCF  |d OCLCA  |d UAB  |d WaSeSS 
041 0 |a spa  |b eng 
042 |a pcc 
043 |a s-ck--- 
245 0 0 |a HiSTOReLo  |h [electronic resource] :  |b revista de historia regional y local. 
246 1 |a Revista de historia regional y local 
260 |a [Medellín, Colombia] :  |b Universidad Nacional de Colombia, Sede Medellín, Facultad de Ciencias Humanas y Económicas,  |c 2009- 
310 |a Semiannual 
362 1 |a Began with Vol. 1, no. 1 (junio 2009). 
500 |a Some issues also have thematic titles. 
506 |a License restrictions may limit access. 
546 |a Articles in Spanish, with abstracts in English and Spanish. 
588 |a Description based on: Vol. 1, no. 1 (junio 2009); title from PDF title page (publisher's Web site, viewed July 29, 2015). 
588 |a Latest issue consulted: Vol. 7, núm. 14 (julio-diciembre 2015) (viewed July 29, 2015). 
651 0 |a Colombia  |x History, Local  |v Periodicals. 
651 0 |a Colombia  |x History  |v Periodicals. 
651 7 |a Colombia.  |2 fast  |0 (OCoLC)fst01205916 
655 0 |a Electronic journals. 
710 2 |a Universidad Nacional de Colombia.  |b Sede de Medellín.  |b Facultad de Ciencias Humanas y Económicas. 
856 4 0 |z Full text available from Research Library: 01/01/2009 to present  |u https://search.proquest.com/publication/2035729